000 00257nam a2200109Ia 4500
008 200302s9999 xx 000 0 und d
100 _aArchana Venkatesan and Other
245 _aIn Andals Garden
260 _bMarg publishibg
260 _c2015
300 _a137
999 _c3806
_d3806